| 000 | 01502nem0a2200313 4500 | ||
|---|---|---|---|
| 001 | RU\NLR\BIBL_A\011595167 | ||
| 005 | 20250626094955.0 | ||
| 010 |
_a978-5-91339-080-6 _91 000 |
||
| 035 | _a(NLR Aleph) 011595167 | ||
| 090 |
_a10857561 _c10857561 |
||
| 100 | _a20180115d2009 |||y0rusy50 ca | ||
| 101 | 0 | _arus | |
| 102 | _aRU | ||
| 120 | _abya xx|| | ||
| 123 | 3 |
_aа _b50000 _b1000000 |
|
| 200 | 1 |
_aГеологический атлас Санкт-Петербурга _bКарты _fотв. ред. Н. Б. Филиппов |
|
| 206 | _a[М-бы разные] | ||
| 210 |
_aСанкт-Петербург _cКомильфо _d2009 |
||
| 215 |
_a1 атл. (57 с.) _cцв., текст, ил., граф., диагр., табл., разрезы _d42х30 см |
||
| 300 | _aВ надзаг.: Правительство Санкт-Петербурга, К-т по природопользованию, охране окружающей среды и обеспечению экологической безопасности | ||
| 320 | _aБиблиогр.: с. 56-57 | ||
| 509 | 0 | 1 |
_7ca _aСанкт-Петербург, _hгород _92633321 _3RU\NLR\auth_crt\55138 |
| 607 |
_aСанкт-Петербург, город _jКарты _xГеология _92354356 _3RU\NLR\AUTH\6601629105 |
||
| 608 |
_aГеологические карты _9938579 _3RU\NLR\AUTH\6628198 |
||
| 702 | 1 |
_aФилиппов _bН. Б. _4340 |
|
| 852 |
_aNLR _bК _j4-Л 7/620 _m88914 |
||
| 942 | _cMAP | ||
| 980 | _aNB | ||